000 00290nam a22001337a 4500
008 170605b xxu||||| |||| 00| 0 eng d
020 _a9780752417936
041 _aeng
080 _a94(4)
100 _a18
101 _aSHH
245 _aTHE LAST NAZIS
_cBIDDISCOMMBE,P
942 _2udc
_cBK
999 _c15908
_d15908